NJ Municipalities - Salem County - Statistics

General Stats
  • This quiz has been taken 284 times
  • The average score is 10 of 15
Answers on the Map
Answers color-coded by a green-red scale on the quiz's map according to % correct below.
 
Answer Stats
Answer % Correct
Salem
94%
Penns Grove
77%
Pittsgrove Township
75%
Carneys Point Township
69%
Pennsville Township
69%
Alloway Township
67%
Elmer
67%
Upper Pittsgrove Township
67%
Lower Alloways Creek Township
65%
Oldmans Township
63%
Quinton Township
62%
Pilesgrove Township
58%
Woodstown
58%
Mannington Township
54%
Elsinboro Township
52%
No matching quizzes found
Score Distribution
Percent of People with Each Score
Percentile by Number Answered
Your Score History
You have not taken this quiz